banner koha

Protein yield and mineral contents in Pereskia aculeata under high-density planting system (Registro n. 328478)

MARC details
000 -LÍDER
fixed length control field 03929nab a2200301 i 4500
003 - CÓDIGO MARC DA AGÊNCIA CATALOGADORA
Campo de controle BR-BrBNA
005 - DATA E HORA DA ÚLTIMA ATUALIZAÇÃO
Campo de controle 20241107101735.0
008 - CAMPO DE TAMANHO FIXO
fixed length control field 241107b2020 bl.ar|pooa||| 00| 0 eng |
040 ## - FONTE DA CATALOGAÇÃO
Agência catalogadora BR-BrBNA
Idioma da catalogação eng
072 ## - CATEGORIA AGRIS
Código AGRIS F01
Código do objeto 1690
100 ## - ENTRADA PRINCIPAL - NOME PESSOAL
Nome pessoal Souza, Maria Regina de Miranda
100 ## - ENTRADA PRINCIPAL - NOME PESSOAL
Nome pessoal Pereira, Paulo Roberto Gomes
100 ## - ENTRADA PRINCIPAL - NOME PESSOAL
Nome pessoal Pereira, Rafael Gustavo Faria
100 ## - ENTRADA PRINCIPAL - NOME PESSOAL
Nome pessoal Barbosa, Ivan de Paiva
100 ## - ENTRADA PRINCIPAL - NOME PESSOAL
Nome pessoal Baracat-Pereira, Maria Cristina
245 ## - TÍTULO PRINCIPAL
Título principal Protein yield and mineral contents in Pereskia aculeata under high-density planting system
500 ## - NOTA GERAL
Nota geral <br/>Publicação online; 36 ref.; 3 illus.; Summaries (En, Pt)
942 ## - ADDED ENTRY ELEMENTS (KOHA)
Koha item type Analítica
520 ## - NOTA DE RESUMO
Nota de conteúdo <br/><br/>ABSTRACT - The development of technologies to increase the yield of Pereskia aculeata Mill. may contribute to its market insertion as an excellent source of protein. This study aimed to assess the influence of plant density on protein yield and mineral contents of P. aculeata leaves and branches. The experiment consisted of five treatments (1 plant m-², 5 plants m-², 10 plants m-², 25 plants m-² and 50 plants m-²), in three blocks. Eight consecutive harvests were obtained over 12 months, and 10 plants m-² was considered the best density, with yields of 144.0 t ha-1 year-1, 25.6 t ha-1 year-1, 310.8 t ha-1 year-1and 58.3 t ha-1 year-1, respectively for leaf fresh and dry matter, and branch fresh and dry matter. The average leaf protein content (22.4 %) was not influenced by plant density. The estimated total protein yields were 5,759 kg ha-1 year-1 and 9,035.3 kg ha-1 year-1, respectively in the leaves and branches with leaves. The high-density system with 10 plants m-2 in successive harvests is a fast way to produce large amounts of vegetable protein and mineral-rich leaves per area and time for human and animal feeding.<br/><br/><br/>KEYWORDS: Pereskia aculeata Mill., non-conventional vegetables, vegetable protein, functional food.
520 ## - NOTA DE RESUMO
Nota de conteúdo <br/><br/>RESUMO - Produtividade de proteína e teor de minerais em ora-pro-nobis sob sistema superadensado de plantio - O desenvolvimento de tecnologias para aumentar a produtividade de ora-pro-nobis poderá contribuir para a sua inserção no mercado como excelente fonte de proteína. Objetivou-se avaliar a influência do adensamento de plantas sobre a produtividade de proteína e teor de minerais em folhas e ramos de ora-pro-nobis. O experimento consistiu de cinco tratamentos (1 planta m-², 5 plantas m-², 10 plantas m-², 25 plantas m-² e 50 plantas m-²), em três blocos. Obtiveram-se oito colheitas consecutivas em 12 meses, e a densidade de 10 plantas m-² foi considerada a melhor, com produtividades de matéria fresca e seca de folhas e de matéria fresca e seca de ramos com folhas de, respectivamente, 144 t ha-1 ano-1, 25,6 t ha-1 ano-1, 310,8 t ha-1 ano-1 e 58,3 t ha-1 ano-1. O teor médio de proteínas das folhas (22,4 %) não foi influenciado pelas densidades de plantio. Estimaram-se produções totais de proteína de 5.759 kg ha-1 ano-1 e 9.035,3 kg ha-1 ano-1 nas folhas e ramos com folhas, respectivamente. O sistema superadensado com 10 plantas m-2 em colheitas sucessivas é uma forma rápida de produzir grande quantidade de proteína vegetal e folhas ricas em minerais por área e tempo, para a alimentação humana e animal.<br/><br/><br/>PALAVRAS-CHAVE: Pereskia aculeata Mill., hortaliças não convencionais, proteína vegetal, alimento funcional
650 ## - ASSUNTO - THESAGRO
Cabeçalho tópico ou nome geográfico ORA-PRO-NOBIS
650 ## - ASSUNTO - THESAGRO
Cabeçalho tópico ou nome geográfico PRÁTICA CULTURAL
650 ## - ASSUNTO - THESAGRO
Cabeçalho tópico ou nome geográfico PROTEÍNA
650 ## - ASSUNTO - THESAGRO
Cabeçalho tópico ou nome geográfico PRODUTIVIDADE
773 0# - ENTRADA ANALÍTICA
Host Biblionumber 3248
Registro do item 317346
Imprenta Goiânia-GO UFG. Escola de Agronomia 1999
Outro identificador 2024-3998
Título Pesquisa Agropecuária Tropical (Brazil)
ISSN 1517-6398
Colação v. 50 p. 1-8; (2020)
Número de controle de registro BR2024003166
856 ## - ACESSO E ENDEREÇO ELETRÔNICO
Identificador uniforme de recurso - URI https://revistas.ufg.br/pat/article/view/62365/34893

Nenhum exemplar disponível.

BINAGRI

Telefone: (61)3218-2567/2388/3357/2097 - binagri@agro.gov.br

Ministério da Agricultura e Pecuária , Esplanada dos Ministérios, Bloco D, Anexo B, Brasília/DF, CEP: 70.043-900